000 00440cam a22001217a 4500
999 _c508618
_d508618
008 180718b1975 xxu||||| |||| 00| 0 eng d
082 _aA8x5451 H/1975-76
100 _aAndhra Pradesh, Bureau of Economics and Statistics
_94058
245 _aHand book of statistics, Andhra Pradesh, 1975-76
_cby Bureau of Economics and Statistics, Andhra Pradesh
260 _aHyderabad
_bGovernment of Andhra Pradesh
_c1976
300 _a179p.
942 _2ddc